Music and schema theory : cognitive foundations of systematic musicology /

Music and Schema Theory Music is an important domain of application for schema theory. The perceptual structures for pitch and timbre have been mapped via schemata, with results that have contributed to a better understanding of music perception. Yet we still need to know how a schema comes into exi...

Full description

Bibliographic Details
Main Author: Leman, Marc, 1958-
Corporate Author: SpringerLink (Online service)
Format: eBook
Language:English
Published: Berlin ; New York : Springer, [1995]
Series:Springer series in information sciences ; 31.
Subjects:
Online Access:Connect to the full text of this electronic book

MARC

Tag First Indicator Second Indicator Subfields
LEADER 00000cam a2200000Ka 4500
001 in00003502721
006 m o d
007 cr bn||||||abp
007 cr bn||||||ada
008 100703s1995 gw a ob 001 0 eng d
005 20260421162843.1
019 |a 646633707  |a 851382852  |a 858931259 
020 |a 9783642852138 (electronic bk.) 
020 |a 3642852130 (electronic bk.) 
020 |z 3540600213 (Berlin : hardcover : acid-free paper) 
020 |z 9783540600213 (Berlin : hardcover : acid-free paper) 
020 |z 9783642852152 
020 |z 3642852157 
024 7 |a 10.1007/978-3-642-85213-8  |2 doi 
035 |a (OCoLC)645907085  |z (OCoLC)646633707  |z (OCoLC)851382852  |z (OCoLC)858931259 
040 |a OCLCE  |b eng  |e pn  |c OCLCE  |d OCLCQ  |d OCLCO  |d AU@  |d UV0  |d GW5XE  |d OCLCQ  |d OCLCF  |d GW5XE  |d UtOrBLW 
042 |a dlr 
049 |a TXAM 
050 4 |a ML3838  |b .L46 1995 
060 4 |a WV 272  |b L547m 1995 
072 7 |a PHDS  |2 bicssc 
072 7 |a SCI001000  |2 bisacsh 
082 0 4 |a 781.2  |2 20 
084 |a 24.42  |2 bcl 
100 1 |a Leman, Marc,  |d 1958- 
245 1 0 |a Music and schema theory :  |b cognitive foundations of systematic musicology /  |c Marc Leman. 
264 1 |a Berlin ;  |a New York :  |b Springer,  |c [1995] 
264 4 |c ©1995 
300 |a 1 online resource (xiii, 234 pages) :  |b illustrations. 
336 |a text  |b txt  |2 rdacontent 
337 |a computer  |b c  |2 rdamedia 
338 |a online resource  |b cr  |2 rdacarrier 
490 1 |a Springer series in information sciences ;  |v 31 
504 |a Includes bibliographical references (pages 211-224) and index. 
505 0 |a 1. Introduction -- 2. Tone Semantics -- 3. Pitch as an Emerging Percept -- 4. Defining the Framework -- 5. Auditory Models of Pitch Perception -- 6. Schema and Learning -- 7. Learning Images-out-of-Time -- 8. Learning Images-in-Time -- 9. Schema and Control -- 10. Evaluation of the Tone Center Recognition Model -- 11. Rhythm and Timbre Imagery -- 12. Epistemological Foundations -- 13. Cognitive Foundations of Systematic Musicology -- A. Orchestra Score in CSOUND -- B. Physiological Foundations of the Auditory Periphery -- C. Normalization and Similarity Measures. 
538 |a Master and use copy. Digital master created according to Benchmark for Faithful Digital Reproductions of Monographs and Serials, Version 1. Digital Library Federation, December 2002.  |u http://purl.oclc.org/DLF/benchrepro0212  |5 MiAaHDL 
583 1 |a digitized  |c 2010  |h HathiTrust Digital Library  |l committed to preserve  |2 pda  |5 MiAaHDL 
520 |a Music and Schema Theory Music is an important domain of application for schema theory. The perceptual structures for pitch and timbre have been mapped via schemata, with results that have contributed to a better understanding of music perception. Yet we still need to know how a schema comes into existence, or how it functions in a particular perception task. This book provides a foundation for the understanding of the emergance and functionality of schemata by means of computer-based simulations of tone center perception. It is about how memory structures self-organize and how they use contextual information to guide perception. 
588 |a Description based on print version record. 
500 |a Electronic resource. 
650 0 |a Musical perception. 
650 0 |a Schemas (Psychology) 
650 1 2 |a Music. 
650 1 2 |a Auditory Perception. 
650 2 2 |a Cognition. 
650 2 2 |a Models, Theoretical. 
650 1 7 |a Muziekwetenschap.  |2 gtt 
650 1 7 |a Psychologische aspecten.  |2 gtt 
650 7 |a Musical perception.  |2 fast  |0 (OCoLC)fst01030788 
650 7 |a Schemas (Psychology)  |2 fast  |0 (OCoLC)fst01106663 
653 0 |a Music 
655 7 |a Electronic books.  |2 local 
710 2 |a SpringerLink (Online service) 
776 1 8 |i Print version:  |w (DLC) 95004478  |w (OCoLC)32781173 
830 0 |a Springer series in information sciences ;  |v 31. 
856 4 0 |u http://proxy.library.tamu.edu/login?url=https://link.springer.com/10.1007/978-3-642-85213-8  |z Connect to the full text of this electronic book  |t 0 
994 |a 92  |b TXA 
999 |a MARS 
999 f f |s 66429115-683f-3473-9241-61e08307e0eb  |i 00d629bf-af5b-33b4-bae4-c200cd31d21f  |t 0 
952 f f |a Texas A&M University  |b College Station  |c Electronic Resources  |s www_evans  |d Available Online  |t 0  |e ML3838 .L46 1995  |h Library of Congress classification 
998 f f |a ML3838 .L46 1995  |t 0  |l Available Online